000 00493nam a2200217Ia 4500
003 OSt
005 20221005125838.0
006 a|||||r|||| 00| 0
007 ta
008 ORI
024 _a27530
037 _cTextual
040 _aCRL
_cCRL
_bORI
041 _2ORI
_aORI
082 _aR65, 1591J2
100 _aDas Yashvant
_9637205
245 0 _aPrema bhakti bramha gita
260 _c1952
942 _hR65, 1591J2
_cTEXL
_2cc
999 _c1055269
_d1055269